| 000 | 01073nam a22002537a 4500 | ||
|---|---|---|---|
| 005 | 20170123164157.0 | ||
| 010 | _aA-977747 | ||
| 020 | _a80.00 | ||
| 035 | _aA-977747 | ||
| 037 | _bCen Lib/Ret | ||
| 040 |
_aDPL _bPN |
||
| 082 |
_a858 _bਅਮ੍ਰਿਤਾ |
||
| 100 |
_aਅਮ੍ਰਿਤਾ ਪ੍ਰੀਤਮ _9131566 |
||
| 245 |
_aਅਵਾਜ਼ ਦੀ ਦੁਨਿਆਂ/ _cਅਮ੍ਰਿਤਾ ਪ੍ਰੀਤਮ |
||
| 246 |
_aAwaz di duniya / _bby Amrita Pritam |
||
| 260 |
_aਦਿੱਲੀ _bਸ਼੍ਰੀ ਪ੍ਰਕਾਸ਼ਨ _c1998 |
||
| 270 |
_aਸ਼ੁਭਾਸ਼ ਗਾਲੀ ਵਿਸ਼ਵਾਸ਼ ਨਗਰ ਸ਼ਾਹਦਰਾ _bਦਿੱਲੀ _e110032 |
||
| 300 |
_a107p ; _c20cm |
||
| 650 |
_aPanjabi literature. _9131567 |
||
| 650 |
_aਪੰਜਾਬੀ ਸਾਹਿਤ _9131568 |
||
| 650 |
_aPanjabi literature -- History and criticism. _924042 |
||
| 650 |
_aਪੰਜਾਬੀ ਸਾਹਿਤ - ਇਤਿਹਾਸ ਅਤੇ ਆਲੋਚਨਾ. _9131569 |
||
| 942 |
_2ddc _cPN _h858 _mਅਮ੍ਰਿਤਾ |
||
| 999 |
_c110785 _d110785 |
||